000 02320nam0a2200469 4500
001 RU\NLR\bibl\24787
005 20260407074643.0
010 _a5-02-0300869-2
_bНовосибирск
010 _a5-02-011708-0
_bМосква
_92000
035 _a(NLR Aleph) 000024163
090 _a114940
_c114940
100 _a19990428d1998 |||y0rusy50 ca
101 1 _arus
_asho
_deng
102 _aRU
105 _a|||||||||||||
200 1 _aШорские героические сказания
_f[Рос. акад. наук. Сиб. отд-ние, Ин-т филологии
_gВступ. ст., подгот. поэт. текста, пер., коммент. А.И. Чудоякова
_gМузыковед. ст. и подгот. нот. текста Р.Б.Назаренко]
_zsho
210 _aМ.
_aНовосибирск
_cНаука
_d1998
215 _a462 с.
_cил., нот.
_d22
_eгрампластинка
225 1 _aПамятники фольклора народов Сибири и Дальнего Востока
_fРедкол. ... А.П. Деревянко (гл. ред.) и др.
_vТ. 17
300 _aПарал. загл. на шор. яз.
300 _aТекст парал. на рус. и шор. яз.
300 _aРез. на англ. яз.
320 _aБиблиогр.: с. 456-457
320 _aУказ. имен персонажей сказания "Кан Перген": с. 450-451
320 _aУказ. имен персонажей сказания "Алтын Сырык": с. 452-453
327 1 _aСодерж.: Кан Перген; Алтын Сырык
606 0 _aГероический эпос шорский
_92084555
_3RU\NLR\auth\661260643
686 _aЩ319.41(2Р=Ш)
686 _aШ3(251.7=Ш)-611.0
702 1 _aЧудояков
_bА. И.
_f1928-1994
_gАндрей Ильич
_4220
712 0 2 _4570
_aИнститут филологии
_cНовосибирск
_3RU\NLR\AUTH\883552
_9278403
801 0 _aRU
_bNLR
_c19990428
_gPSBO
801 1 _aRU
_bNLR
_c19990428
830 _aСост. по кн.
852 _aNLR
_bОНЛ
_jШор./3-95
852 _aNLR
_bОНЛ
_jМК-7975
942 _cBOOK
980 _aNB